Datamining for Business Intelligence (Record no. 29939)
[ view plain ]
| 000 -LEADER | |
|---|---|
| fixed length control field | 00368nam a2200169Ia 4500 |
| 082 ## - DEWEY DECIMAL CLASSIFICATION NUMBER | |
| Classification number | 5.74 |
| Item number | SHM |
| 100 ## - MAIN ENTRY--PERSONAL NAME | |
| Personal name | Shmueli/Galit/ Patel/Nitin R |
| 245 ## - TITLE STATEMENT | |
| Title | Datamining for Business Intelligence |
| 260 ## - PUBLICATION, DISTRIBUTION, ETC. | |
| Name of publisher, distributor, etc. | Wiley India |
| Date of publication, distribution, etc. | 2007 |
| 366 ## - TRADE AVAILABILITY INFORMATION | |
| Publishers's discount category | 25 |
| 300 ## - PHYSICAL DESCRIPTION | |
| Extent | 279 |
| 546 ## - LANGUAGE NOTE | |
| Language note | ENGLISH |
| 650 ## - SUBJECT ADDED ENTRY--TOPICAL TERM | |
| Topical term or geographic name entry element | Datamining |
| 654 ## - SUBJECT ADDED ENTRY--FACETED TOPICAL TERMS | |
| Focus term | datamining |
| 942 ## - ADDED ENTRY ELEMENTS (KOHA) | |
| Koha item type | BOOK |
| Withdrawn status | Lost status | Damaged status | Not for loan | Collection | Home library | Current library | Date acquired | Source of acquisition | Cost, normal purchase price | Inventory number | Total Checkouts | Full call number | Barcode | Date last seen | Cost, replacement price | Price effective from | Koha item type |
|---|---|---|---|---|---|---|---|---|---|---|---|---|---|---|---|---|---|
| CRC | Fr. Agnel's C.Rodrigues College of Engineering | AGNEL TECHNICAL COLLEGE LIBRARY | 17/03/2023 | Allied Publishers | 318.75 | 3054 dt 04/02/2010 | 5.74 SHM | 20388 | 12/09/2025 | 425.00 | BOOK | ||||||
| CRC | Fr. Agnel's C.Rodrigues College of Engineering | Fr. Agnel's C.Rodrigues College of Engineering | 17/03/2023 | Allied Publishers | 318.75 | 3054 dt 04/02/2010 | 5.74 SHM | 20387 | 17/03/2023 | 425.00 | BOOK | ||||||
| CRC | Fr. Agnel's C.Rodrigues College of Engineering | Fr. Agnel's C.Rodrigues College of Engineering | 17/03/2023 | Allied Publishers | 318.75 | 3054 dt 04/02/2010 | 5.74 SHM | 20389 | 17/03/2023 | 425.00 | BOOK | ||||||
| CRC | Fr. Agnel's C.Rodrigues College of Engineering | Fr. Agnel's C.Rodrigues College of Engineering | 17/03/2023 | Allied Publishers | 318.75 | 3054 dt 04/02/2010 | 5.74 SHM | 20390 | 17/03/2023 | 425.00 | BOOK |